00609nam a22001817a 4500010001500000020002600015035001400041037001300055082001400068100002800082245010000110250000600210260003600216270010700252300002100359942002800380999001900408 aENG-138533 a9788178246390c795.00 aEN-122065 bDBAB/PUB 21a340.59 aScott, J. Barton959382 aSlandering the Sacred:bBlasphemy Law and the Shaping of Indian Secularism/cBy J. Barton Scott a1 aRanikhetbPermanent Blackc2023 a'Himalayana', Mall Road, Ranikhet Cantt, Ranikhet,bRanikhetcUttaranchale263645mperblack@gmail.com a294p.c23cm(hbk) cEN2ddch340.59mSCOe1 c199416d199416